[Event "39th TCh-GRE"]
[Site "Eretria GRE"]
[Date "2011.07.04"]
[Round "2.6"]
[White "Berg, Emanuel"]
[Black "Kritz, Leonid"]
[Result "1-0"]
[WhiteTitle "GM"]
[BlackTitle "GM"]
[WhiteElo "2604"]
[BlackElo "2615"]
[WhiteTeam "Ptolemaida Ptolemaios CC"]
[BlackTeam "Heraklion CC"]
[WhiteFideId "1704060"]
[BlackFideId "4653530"]
[EventDate "2011.07.03"]

1. e4 e6 2. d4 d5 3. Nc3 Nf6 4. Bg5 dxe4 5. Nxe4 Nbd7 6. Nf3 h6 7. Bxf6 Nxf6 8.
Nxf6+ Qxf6 9. Bd3 Bd6 10. Qe2 Bd7 11. O-O-O O-O-O 12. Be4 Kb8 13. Kb1 c5 14. Qc4
Qe7 15. dxc5 Bxc5 16. Ne5 Bc8 17. Nxf7 Rxd1+ 18. Rxd1 Rf8 19. Ne5 Bxf2 20. Ng6
Rd8 21. Qxc8+ 1-0

[Event "39th TCh-GRE"]
[Site "Eretria GRE"]
[Date "2011.07.04"]
[Round "2.6"]
[White "Postny, Evgeny"]
[Black "Theodoulidis, Theodoros"]
[Result "1-0"]
[WhiteTitle "GM"]
[WhiteElo "2618"]
[BlackElo "2196"]
[WhiteTeam "Heraklion CC"]
[BlackTeam "Ptolemaida Ptolemaios CC"]
[WhiteFideId "2804344"]
[BlackFideId "4200810"]
[EventDate "2011.07.03"]

1. e4 c6 2. d4 d5 3. f3 e5 4. dxe5 Bc5 5. Nc3 Qb6 6. Na4 Qa5+ 7. c3 Bxg1 8. Rxg1
dxe4 9. f4 Ne7 10. b4 Qd5 11. Qc2 b6 12. Bb2 e3 13. Bd3 Bf5 14. Bxf5 Nxf5 15. c4
Qd2+ 16. Qxd2 exd2+ 17. Kxd2 Na6 18. a3 O-O-O+ 19. Ke2 Nd4+ 20. Kf2 Nb3 21. Rad1
Nd2 22. Rc1 Nc7 23. Rc2 Ne6 24. f5 Ng5 25. Ke3 Nge4 26. Bc1 Rhe8 27. e6 Nd6 28.
Bxd2 Nxf5+ 29. Kf2 Rxe6 30. Re1 Nd4 31. Rb2 Rf6+ 32. Kg1 Rg6 33. Re3 f5 34. Kf2
f4 35. Rd3 Rgd6 36. Bc3 g5 37. c5 bxc5 38. Nxc5 Nb5 39. Rxd6 Rxd6 40. Rd2 Rxd2+
41. Bxd2 Nxa3 42. Kf3 Nc4 43. Bc3 Nd6 44. Be5 Nf5 45. Kg4 Ne3+ 46. Kxg5 Nxg2 47.
Kg4 Ne3+ 48. Kxf4 Nd5+ 49. Kg5 Nxb4 50. Kh6 Kd8 51. Kxh7 Ke8 52. Kg7 Nd5 53. h4
Ne3 54. h5 Nf5+ 55. Kf6 Nh6 56. Kg6 Nf7 57. Bf6 Kf8 58. Ne4 1-0

[Event "39th TCh-GRE"]
[Site "Eretria GRE"]
[Date "2011.07.04"]
[Round "2.6"]
[White "Lagopatis, Nikolaos"]
[Black "Stavrianakis, Ioannis"]
[Result "1/2-1/2"]
[WhiteElo "2181"]
[BlackElo "2270"]
[WhiteTeam "Ptolemaida Ptolemaios CC"]
[BlackTeam "Heraklion CC"]
[WhiteFideId "4200489"]
[BlackFideId "4208412"]
[EventDate "2011.07.03"]

1. e4 g6 2. d4 Bg7 3. Nf3 d6 4. Bc4 Nf6 5. Qe2 O-O 6. O-O c6 7. Bb3 Qc7 8. Re1
e5 9. dxe5 dxe5 10. Nbd2 Nh5 11. Nf1 Nf4 12. Bxf4 exf4 13. e5 Qe7 14. Qe4 g5 15.
c3 h6 16. N1d2 Re8 17. Nc4 Nd7 18. Bc2 Nf8 19. Nd6 Rd8 20. Rad1 Be6 21. Nd4 Qc7
22. Nxe6 fxe6 23. h4 Rd7 24. Rd2 Rad8 25. Red1 Qb6 26. b4 c5 27. Ba4 cxb4 28.
cxb4 Rc7 29. hxg5 hxg5 30. Bb5 Rdd7 31. Rd4 Rc3 32. Ba4 Rdc7 33. Ne8 Rc8 34.
Nf6+ Bxf6 35. exf6 Kf7 36. Qe5 Kg6 37. Rd6 Qxb4 38. Bd7 R8c5 39. Be8+ Kh6 40.
Qe2 f3 41. gxf3 Qf4 42. Kg2 Qxf6 43. Qe4 Kg7 44. Qxb7+ Kg8 45. Bh5 Rc7 46. Qe4
R3c4 47. R1d4 Rxd4 48. Rxd4 Kg7 49. Rd6 Qf4 50. Qd3 Qe5 51. Rd8 Qf6 52. Re8 Re7
53. Ra8 1/2-1/2

[Event "39th TCh-GRE"]
[Site "Eretria GRE"]
[Date "2011.07.04"]
[Round "2.6"]
[White "Markantonaki, Haritomeni"]
[Black "Cramling, Pia"]
[Result "0-1"]
[WhiteTitle "WFM"]
[BlackTitle "GM"]
[WhiteElo "2147"]
[BlackElo "2472"]
[WhiteTeam "Heraklion CC"]
[BlackTeam "Ptolemaida Ptolemaios CC"]
[WhiteFideId "4207050"]
[BlackFideId "1700030"]
[EventDate "2011.07.03"]

1. e4 c5 2. Nf3 b6 3. Nc3 e6 4. d4 cxd4 5. Nxd4 a6 6. Bd3 Bb7 7. O-O d6 8. Kh1
Nf6 9. f4 Nbd7 10. Qf3 Nc5 11. Bd2 Be7 12. Rae1 O-O 13. Qh3 Nxd3 14. cxd3 b5 15.
Nce2 Rc8 16. Bc3 Qb6 17. a3 Rfe8 18. Nb3 Qd8 19. Rf3 Bf8 20. Ng3 g6 21. Ref1 Bg7
22. f5 exf5 23. Nxf5 gxf5 24. Qxf5 Rxc3 25. bxc3 Qc8 26. Qg5 Re5 27. Qg3 Nh5 28.
Qh4 Qe8 29. d4 Rxe4 30. Qxh5 Re2 31. d5 Re5 32. Rf5 Bxd5 33. Nd4 Bc4 34. Rxe5
Qxe5 35. Qxe5 dxe5 36. Re1 exd4 37. Re8+ Bf8 38. cxd4 Kg7 39. Ra8 Bxa3 40. Rxa6
b4 0-1

[Event "39th TCh-GRE"]
[Site "Eretria GRE"]
[Date "2011.07.04"]
[Round "2.6"]
[White "Alexiou, Dimitra"]
[Black "Malikentzou, Nafsika"]
[Result "1/2-1/2"]
[WhiteElo "1593"]
[BlackElo "1640"]
[WhiteTeam "Ptolemaida Ptolemaios CC"]
[BlackTeam "Heraklion CC"]
[WhiteFideId "4239083"]
[BlackFideId "4222237"]
[EventDate "2011.07.03"]

1. d4 g6 2. c4 Bg7 3. Nc3 d6 4. b3 c5 5. e3 Nc6 6. Nge2 cxd4 7. Nxd4 Qb6 8. Nd5
Qa5+ 9. Bd2 Qd8 10. Bc3 Nxd4 11. Bxd4 e5 12. Bb2 Nf6 13. Nc3 a6 14. Be2 Be6 15.
Bf3 Qd7 16. Qd2 Rd8 17. Rd1 Bg4 18. Qe2 Bxf3 19. Qxf3 Qc6 20. Nd5 Nxd5 21. Rxd5
O-O 22. O-O Rd7 23. Rfd1 Rfd8 24. R1d2 b6 25. Qd1 a5 26. Ba3 Bf8 27. c5 bxc5 28.
Bxc5 Be7 29. Ba3 Rc7 30. Rxa5 Rdc8 31. h3 Qb6 32. Ra4 d5 33. Bb2 Qf6 34. Rxd5
Rc2 35. Rd2 Qf5 36. Rc4 R8xc4 37. bxc4 Rxc4 38. a4 Bb4 39. Re2 Qc8 40. Kh2 Qc7
41. Qd5 Rc5 42. Qe4 Ba5 43. Qa8+ Kg7 44. Ba3 Rc3 45. Qf8+ Kf6 46. Qh8+ Ke6 47.
Qe8+ Kf6 48. Bb2 Rc4 49. f4 Bc3 50. Qh8+ Ke6 51. Ba3 h5 52. f5+ gxf5 53. Qh6+
Kd7 54. Qxh5 e4+ 55. g3 Ke6 56. Rf2 1/2-1/2

[Event "39th TCh-GRE"]
[Site "Eretria GRE"]
[Date "2011.07.04"]
[Round "2.6"]
[White "Kosmidis, Ioannis"]
[Black "Dimopoulos, Dimitrios"]
[Result "0-1"]
[WhiteElo "1754"]
[BlackElo "1946"]
[WhiteTeam "Ptolemaida Ptolemaios CC"]
[BlackTeam "Heraklion CC"]
[WhiteFideId "4253876"]
[BlackFideId "4213459"]
[EventDate "2011.07.03"]

1. d4 Nf6 2. c4 e6 3. Nf3 b6 4. Nc3 Bb7 5. Bg5 Be7 6. e3 O-O 7. Be2 d5 8. O-O h6
9. Bh4 Nbd7 10. Rc1 c5 11. Bxf6 Nxf6 12. Qa4 Qe8 13. Qb3 Rc8 14. cxd5 Nxd5 15.
Rfd1 Nxc3 16. bxc3 cxd4 17. cxd4 Bd6 18. Ne5 Qe7 19. Bc4 Qg5 20. g3 Bxe5 21.
dxe5 Qxe5 22. Be2 Rfd8 23. f3 Rxc1 24. Rxc1 Rd2 25. Rd1 Bd5 26. Qb1 Rxe2 27. e4
Bb7 28. Rd8+ Kh7 29. Qd3 Qa1+ 0-1

[Event "39th TCh-GRE"]
[Site "Eretria GRE"]
[Date "2011.07.04"]
[Round "2.6"]
[White "Korniotis, Filippos"]
[Black "Harizopoulos, Ioannis"]
[Result "1-0"]
[WhiteElo "1724"]
[BlackElo "1615"]
[WhiteTeam "Heraklion CC"]
[BlackTeam "Ptolemaida Ptolemaios CC"]
[WhiteFideId "4236912"]
[BlackFideId "4250931"]
[EventDate "2011.07.03"]

1. d4 d5 2. Nf3 Nf6 3. c4 e6 4. Nc3 Nbd7 5. Bg5 Be7 6. e3 O-O 7. Bd3 c6 8. Qc2
dxc4 9. Bxc4 b5 10. Bd3 Bb7 11. O-O h6 12. Bh4 Re8 13. Rac1 Rc8 14. Rfd1 a5 15.
Bg3 Nb6 16. Qe2 Nbd5 17. Ne4 Nd7 18. Bd6 N7b6 19. Nc5 Ba8 20. Bxe7 Qxe7 21. Ne5
Nf6 22. Bb1 Nbd5 23. h3 Nb6 24. Qd2 a4 25. Qd3 g6 26. Qe2 Nbd7 27. Ncxd7 Nxd7
28. Nxd7 Qxd7 29. Rc5 Red8 30. Rdc1 Rc7 31. Qf3 Rdc8 32. h4 Qe7 33. Qf4 h5 34.
Qg3 Kf8 35. Qf4 Kg7 36. Qe5+ Qf6 37. Qg3 Kf8 38. Be4 Qe7 39. Qf3 Qxh4 40. Bxg6
f5 41. Qxh5 Qxh5 42. Bxh5 Ke7 43. Bf3 Kd6 44. Kf1 Rh8 45. Ke2 Bb7 46. Kd3 Rch7
47. e4 f4 48. e5+ Kd7 49. d5 exd5 50. Bxd5 Rc8 51. Be4 Rh6 52. Bf5+ Kc7 53. Bxc8
Bxc8 54. Ke4 Kb6 1-0

[Event "39th TCh-GRE"]
[Site "Eretria GRE"]
[Date "2011.07.04"]
[Round "2.7"]
[White "Bologan, Viktor"]
[Black "Karagiannis, Athanasios"]
[Result "1-0"]
[WhiteTitle "GM"]
[BlackTitle "IM"]
[WhiteElo "2678"]
[BlackElo "2340"]
[WhiteTeam "Chess Union Amfissa"]
[BlackTeam "Aigaleo CC"]
[WhiteFideId "13900048"]
[BlackFideId "4201256"]
[EventDate "2011.07.03"]

1. e4 e6 2. d4 d5 3. Nc3 dxe4 4. Nxe4 Nd7 5. Nf3 Ngf6 6. Bd3 Nxe4 7. Bxe4 Nf6 8.
Bg5 Qd6 9. Bd3 h6 10. Bd2 Bd7 11. Qe2 Bc6 12. O-O-O Bxf3 13. Qxf3 Qd5 14. Qxd5
Nxd5 15. c4 Nb4 16. Bb1 O-O-O 17. Bc3 Be7 18. g3 Na6 19. d5 Bf6 20. Bxf6 gxf6
21. Rhe1 exd5 22. Re7 dxc4 23. Rxf7 Rxd1+ 24. Kxd1 Rd8+ 25. Kc1 Rd6 26. Rh7 Kd8
27. Rxh6 b5 28. Rh8+ Ke7 29. h4 b4 30. h5 Re6 31. Bg6 Re1+ 32. Kd2 Ra1 33. h6
c3+ 34. bxc3 Rxa2+ 35. Ke3 bxc3 36. h7 c2 37. Bxc2 1-0

[Event "39th TCh-GRE"]
[Site "Eretria GRE"]
[Date "2011.07.04"]
[Round "2.7"]
[White "Spirakopoulos, Ioannis"]
[Black "Georgakopoulos, Nikolaos"]
[Result "1/2-1/2"]
[WhiteElo "2155"]
[BlackElo "2283"]
[WhiteTeam "Aigaleo CC"]
[BlackTeam "Chess Union Amfissa"]
[WhiteFideId "4204123"]
[BlackFideId "4210891"]
[EventDate "2011.07.03"]

1. Nf3 Nf6 2. g3 g6 3. Bg2 Bg7 4. O-O O-O 5. d3 d6 6. Nc3 c5 7. e4 Nc6 8. h3 Rb8
9. Nh4 e6 10. f4 Nh5 11. Kh2 Nd4 12. Ne2 b5 13. Nxd4 cxd4 14. Nf3 Qc7 15. Qe2 e5
16. f5 d5 17. Nh4 Nf6 18. Bg5 dxe4 19. Bxe4 Nxe4 20. dxe4 f6 21. fxg6 fxg5 22.
gxh7+ Kxh7 23. Qh5+ Kg8 24. Ng6 Rxf1 25. Rxf1 Be6 26. Qxg5 Re8 27. Rf2 Qd8 28.
Qh5 Bf7 29. Rxf7 Kxf7 30. Nxe5+ Kg8 31. Qf7+ Kh7 32. Qh5+ Kg8 33. Qf7+ 1/2-1/2

[Event "39th TCh-GRE"]
[Site "Eretria GRE"]
[Date "2011.07.04"]
[Round "2.7"]
[White "Zygouris, Hristos"]
[Black "Skirianoglou, Dimitrios"]
[Result "1-0"]
[WhiteElo "2240"]
[BlackElo "2044"]
[WhiteTeam "Chess Union Amfissa"]
[BlackTeam "Aigaleo CC"]
[WhiteFideId "4200292"]
[BlackFideId "4203046"]
[EventDate "2011.07.03"]

1. e4 c5 2. Nf3 e6 3. d3 Nc6 4. g3 d5 5. Nbd2 Bd6 6. Bg2 Nge7 7. O-O O-O 8. Re1
Qc7 9. c3 Bd7 10. a3 f6 11. Rb1 a5 12. a4 Rfe8 13. Ra1 Ng6 14. Qb3 Nce5 15. Nxe5
Nxe5 16. exd5 Nxd3 17. Re3 Ne5 18. dxe6 Bxe6 19. Qxb7 Qxb7 20. Bxb7 Rab8 21. Ba6
c4 22. Bb5 Red8 23. Ne4 Bc7 24. Kg2 Rd1 25. Re2 Bd5 26. f3 Nd3 27. Rd2 Rxc1 28.
Rxc1 Bxe4 29. Bxc4+ Kf8 30. Bxd3 Bxd3 31. Rxd3 Rxb2+ 32. Kh3 Ra2 33. Rd7 Bb6 34.
Rb1 1-0

[Event "39th TCh-GRE"]
[Site "Eretria GRE"]
[Date "2011.07.04"]
[Round "2.7"]
[White "Koutsogiannopoulou, Theodora"]
[Black "Havlikova, Kristyna"]
[Result "0-1"]
[BlackTitle "WIM"]
[WhiteElo "1829"]
[BlackElo "2280"]
[WhiteTeam "Aigaleo CC"]
[BlackTeam "Chess Union Amfissa"]
[WhiteFideId "4215265"]
[BlackFideId "309672"]
[EventDate "2011.07.03"]

1. e4 c5 2. Nc3 Nc6 3. g3 g6 4. Bg2 Bg7 5. f4 d6 6. d3 e6 7. Nf3 Nge7 8. O-O O-O
9. Ne2 Nd4 10. c3 Nxf3+ 11. Bxf3 Rb8 12. Qe1 b5 13. g4 f5 14. Ng3 fxg4 15. Bxg4
b4 16. Rf2 bxc3 17. bxc3 Qa5 18. e5 dxe5 19. fxe5 Rxf2 20. Kxf2 Nc6 21. Bf4 g5
22. Bxg5 Nxe5 23. Be2 Ba6 24. d4 cxd4 25. cxd4 Rf8+ 26. Kg1 Qb6 27. Be3 Bxe2 28.
Qxe2 Nf3+ 29. Kg2 Qb7 30. Kh3 Qd7 31. Rf1 e5+ 32. Kg2 Nh4+ 33. Kg1 Rxf1+ 34.
Qxf1 Qd5 35. Nf5 Nf3+ 36. Kf2 Qd7 37. Kxf3 Qxf5+ 38. Kg2 Qg4+ 39. Kf2 exd4 40.
Qc4+ Kh8 41. Bd2 Bf6 42. Qf7 Bh4+ 43. Kf1 Qd1+ 44. Kg2 Qxd2+ 45. Kh3 Qh6 46.
Qxa7 Bd8+ 47. Kg2 Qg7+ 0-1

[Event "39th TCh-GRE"]
[Site "Eretria GRE"]
[Date "2011.07.04"]
[Round "2.7"]
[White "Habesi, Anastasia"]
[Black "Liapi Zenebisi, Irini"]
[Result "0-1"]
[WhiteElo "1687"]
[BlackElo "1416"]
[WhiteTeam "Chess Union Amfissa"]
[BlackTeam "Aigaleo CC"]
[WhiteFideId "4221311"]
[BlackFideId "4234120"]
[EventDate "2011.07.03"]

1. e4 c5 2. c3 d5 3. exd5 Qxd5 4. d4 Nc6 5. Nf3 Bg4 6. Be2 cxd4 7. cxd4 e6 8.
Nc3 Qa5 9. O-O Nf6 10. a3 Be7 11. Be3 Rd8 12. Qb3 Qc7 13. Rad1 O-O 14. Rfe1 Nd5
15. h3 Bh5 16. Nxd5 Rxd5 17. Rc1 Qb8 18. Red1 Bf6 19. Rc5 Bxf3 20. Bxf3 Nxd4 21.
Bxd4 Rxd4 22. Rdc1 Rd2 23. R5c2 Rxc2 24. Rxc2 b6 25. Qc4 h6 26. b3 Qd6 27. a4
Be5 28. Rc1 Rd8 29. Qc2 Qb4 30. g3 Qe7 31. Kg2 Qg5 32. Rd1 Rxd1 33. Qxd1 Qe7 34.
Qc2 Qd7 35. Qe4 Qc7 36. Qa8+ Kh7 37. Be4+ f5 38. Qc6 fxe4 0-1

[Event "39th TCh-GRE"]
[Site "Eretria GRE"]
[Date "2011.07.04"]
[Round "2.7"]
[White "Megalios, Konstantinos"]
[Black "Liaskos, Leonidas"]
[Result "0-1"]
[WhiteElo "2008"]
[BlackElo "2107"]
[WhiteTeam "Chess Union Amfissa"]
[BlackTeam "Aigaleo CC"]
[WhiteFideId "4238044"]
[BlackFideId "4211421"]
[EventDate "2011.07.03"]

1. d4 Nf6 2. c4 g6 3. Nc3 Bg7 4. e4 d6 5. f3 O-O 6. Be3 Nc6 7. Nge2 a6 8. Qd2
Rb8 9. Rc1 e5 10. d5 Ne7 11. Ng3 h5 12. Bd3 Kh7 13. O-O h4 14. Nh1 Nh5 15. Nf2
Ng8 16. c5 Bh6 17. cxd6 cxd6 18. Rfe1 Nf4 19. Bf1 Nf6 20. Ne2 N6h5 21. Nxf4 Bxf4
22. Bxf4 Nxf4 23. Nd3 Nxd3 24. Bxd3 Bd7 25. Qb4 Be8 26. Rc2 f6 27. Rec1 Rf7 28.
a4 b5 29. a5 g5 30. Bf1 Kg6 31. g3 hxg3 32. hxg3 Rh7 33. Qd2 b4 34. Bxa6 Qxa5
35. Bc8 Rxc8 36. Rxc8 Qb6+ 37. Kg2 Bd7 38. R8c7 Bh3+ 39. Kh2 Bd7+ 40. Kg2 Bh3+
41. Kh2 Rh6 42. R1c5 dxc5 43. d6 Bf1+ 44. Kg1 c4+ 45. Kxf1 Rh1+ 0-1

[Event "39th TCh-GRE"]
[Site "Eretria GRE"]
[Date "2011.07.04"]
[Round "2.8"]
[White "Koukoufikis, Alexandros"]
[Black "Kempinski, Robert"]
[Result "0-1"]
[BlackTitle "GM"]
[WhiteElo "2258"]
[BlackElo "2600"]
[WhiteTeam "CC Ikaria J. Tzelepis"]
[BlackTeam "E.O.A.O. Fysiolatris Nikaia"]
[WhiteFideId "4205499"]
[BlackFideId "1105663"]
[EventDate "2011.07.03"]

1. g3 d5 2. Bg2 Nf6 3. d3 c6 4. Nf3 Bg4 5. O-O Nbd7 6. h3 Bxf3 7. Bxf3 e5 8. e4
dxe4 9. dxe4 Bc5 10. Nd2 Qe7 11. Qe2 O-O 12. Nc4 Rfd8 13. a4 a5 14. Bd2 b6 15.
Rfd1 Qe6 16. Kg2 Bd4 17. c3 Bc5 18. g4 h6 19. h4 Nf8 20. h5 N6h7 21. g5 Nxg5 22.
Bxg5 hxg5 23. Bg4 Qe7 24. Ne3 Bxe3 25. Qxe3 c5 26. Qh3 Qf6 27. Bf5 Ne6 28. Bxe6
fxe6 29. Qg4 Kh7 30. f3 c4 31. Kf2 Rd3 32. Rxd3 cxd3 33. Rd1 Rd8 34. Rd2 Qf4 35.
Qxf4 exf4 36. Ke1 Kh6 37. Rh2 g4 38. fxg4 Kg5 39. Kd2 f3 40. h6 gxh6 41. Rh5+
Kf4 42. Rxh6 Kg3 43. Rxe6 Rf8 0-1

[Event "39th TCh-GRE"]
[Site "Eretria GRE"]
[Date "2011.07.04"]
[Round "2.8"]
[White "Kapnisis, Spyridon"]
[Black "Sarandos, Vasilios"]
[Result "1-0"]
[WhiteTitle "GM"]
[WhiteElo "2529"]
[BlackElo "2236"]
[WhiteTeam "E.O.A.O. Fysiolatris Nikaia"]
[BlackTeam "CC Ikaria J. Tzelepis"]
[WhiteFideId "4203445"]
[BlackFideId "4203542"]
[EventDate "2011.07.03"]

1. e4 c6 2. d4 d5 3. f3 dxe4 4. fxe4 e5 5. Nf3 Bg4 6. c3 Nd7 7. Bd3 Bd6 8. O-O
Ngf6 9. Bg5 O-O 10. Nbd2 Qc7 11. h3 Bh5 12. Nc4 b5 13. Nxd6 Qxd6 14. Bc2 Rae8
15. dxe5 Qxd1 16. Raxd1 Bxf3 17. gxf3 Nxe5 18. Be3 Ra8 19. Bb3 a5 20. a3 a4 21.
Ba2 Rad8 22. Bd4 Ng6 23. Bb6 Rb8 24. Bc5 Rfd8 25. Kf2 Rd7 26. Rxd7 Nxd7 27. Bd6
Re8 28. Rd1 h5 29. Bg3 Nf6 30. Rd6 h4 31. Bh2 Ne7 32. Bf4 Rc8 33. Bg5 c5 34.
Bxh4 Rc6 35. Rd8+ Kh7 36. Bxf7 Ng6 37. Bxg6+ Kxg6 38. Bxf6 Kxf6 39. Rb8 Rd6 40.
Rxb5 Rd2+ 41. Kg3 g5 42. Rxc5 Rxb2 43. Rc4 Rb3 44. Rxa4 Rxc3 45. Ra6+ 1-0

[Event "39th TCh-GRE"]
[Site "Eretria GRE"]
[Date "2011.07.04"]
[Round "2.8"]
[White "Fakaros, Georgios"]
[Black "Goumas, Georgios"]
[Result "0-1"]
[WhiteElo "2019"]
[BlackElo "2323"]
[WhiteTeam "CC Ikaria J. Tzelepis"]
[BlackTeam "E.O.A.O. Fysiolatris Nikaia"]
[WhiteFideId "4214528"]
[BlackFideId "4208935"]
[EventDate "2011.07.03"]

1. e4 c5 2. Nf3 Nc6 3. d4 cxd4 4. Nxd4 g6 5. Nc3 Bg7 6. Be3 Nf6 7. Be2 O-O 8.
O-O d6 9. h3 Bd7 10. Qd2 Rc8 11. Rad1 Ne5 12. f3 Nc4 13. Bxc4 Rxc4 14. Nce2 b5
15. c3 Qb8 16. a3 a5 17. Nc2 Rfc8 18. Rc1 Be8 19. Nf4 Qb7 20. Rfd1 Nd7 21. Nd5
Nc5 22. Qf2 Bc6 23. Bxc5 Rxc5 24. b4 Rxd5 25. exd5 Bxd5 26. bxa5 Bb3 27. Qb6
Qxb6+ 28. axb6 Rb8 29. Re1 e6 30. Nd4 Bc4 31. Rb1 Rxb6 32. Rec1 e5 33. Nc2 Bd3
34. Rb2 Bh6 35. Rcb1 Rc6 36. Nb4 Be3+ 37. Kh2 Bxb1 38. Rxb1 Rxc3 39. Nd5 Rxa3
40. Rxb5 Bc5 41. Nf6+ Kg7 42. Ne4 Rd3 43. Nxc5 Rd5 44. Rb6 dxc5 45. Rc6 g5 46.
Kg3 f6 47. h4 gxh4+ 48. Kxh4 Rd2 49. g4 Rh2+ 50. Kg3 Rc2 51. g5 fxg5 52. Kg4 Rc3
53. Kxg5 Rxf3 54. Rxc5 h6+ 55. Kg4 Rf4+ 56. Kh5 Kf6 57. Rc6+ Kf5 58. Kxh6 e4 59.
Rc5+ Kg4 60. Re5 Kf3 61. Kg5 Rf8 62. Re7 e3 0-1

[Event "39th TCh-GRE"]
[Site "Eretria GRE"]
[Date "2011.07.04"]
[Round "2.8"]
[White "Athanasiou, Georgios"]
[Black "Kaforos, Dimitrios-Alkis"]
[Result "0-1"]
[WhiteElo "1954"]
[BlackElo "2193"]
[WhiteTeam "CC Ikaria J. Tzelepis"]
[BlackTeam "E.O.A.O. Fysiolatris Nikaia"]
[WhiteFideId "4215478"]
[BlackFideId "4214358"]
[EventDate "2011.07.03"]

1. e4 c5 2. Nf3 d6 3. d4 cxd4 4. Nxd4 Nf6 5. Nc3 g6 6. g3 Bg7 7. Bg2 Nc6 8. Nxc6
bxc6 9. e5 Nd5 10. Nxd5 cxd5 11. Qxd5 Rb8 12. exd6 O-O 13. O-O Be6 14. dxe7 Qxe7
15. Qa5 Bxb2 16. Bxb2 Rxb2 17. Qa4 Rc8 18. Qe4 Rcxc2 19. Rab1 Qc5 20. Rxb2 Rxb2
21. Qf4 Rxa2 22. Rd1 Kg7 23. Rc1 Qe7 24. Bf3 Qf6 25. Qxf6+ Kxf6 26. Kg2 a5 27.
Rc6 Ke5 28. Ra6 a4 29. Bc6 a3 30. Kf3 Ra1 31. Ke3 a2 32. f4+ Kf6 0-1

[Event "39th TCh-GRE"]
[Site "Eretria GRE"]
[Date "2011.07.04"]
[Round "2.9"]
[White "Khetsuriani, Besarion"]
[Black "Atalik, Suat"]
[Result "0-1"]
[WhiteTitle "IM"]
[BlackTitle "GM"]
[WhiteElo "2325"]
[BlackElo "2619"]
[WhiteTeam "S.A.S. Koropiou"]
[BlackTeam "Chess Academy Thes. Galaxias"]
[WhiteFideId "13600559"]
[BlackFideId "14401487"]
[EventDate "2011.07.03"]

1. Nf3 d5 2. d4 Nf6 3. e3 c6 4. h3 Bf5 5. Bd3 e6 6. O-O Nbd7 7. c4 Bg6 8. Nc3
Bd6 9. Re1 Ne4 10. cxd5 exd5 11. Bxe4 dxe4 12. Nd2 Nf6 13. Nc4 Bc7 14. Qb3 Qe7
15. Qa3 Qe6 16. b3 Bf5 17. Kf1 a5 18. Ne5 Bxe5 19. dxe5 Qxe5 20. Ne2 Qh2 21. Qc5
Bxh3 22. gxh3 Qxh3+ 23. Kg1 O-O-O 24. Qg5 Rd5 25. Qg2 Qh4 26. Ng3 Rg5 27. Ba3 h5
28. Be7 Qg4 29. Kf1 h4 30. Qh1 Qf3 31. Bxf6 gxf6 32. Qxf3 exf3 33. Ne4 h3 0-1

[Event "39th TCh-GRE"]
[Site "Eretria GRE"]
[Date "2011.07.04"]
[Round "2.9"]
[White "Kanakaris, Georgios"]
[Black "Delithanasis, Dimitrios"]
[Result "0-1"]
[WhiteElo "2281"]
[BlackElo "2110"]
[WhiteTeam "Chess Academy Thes. Galaxias"]
[BlackTeam "S.A.S. Koropiou"]
[WhiteFideId "4209460"]
[BlackFideId "4200799"]
[EventDate "2011.07.03"]

1. d4 d5 2. c4 c6 3. Nf3 Nf6 4. e3 Bg4 5. h3 Bxf3 6. Qxf3 g6 7. Nc3 Bg7 8. Be2
O-O 9. O-O Na6 10. cxd5 cxd5 11. Bxa6 bxa6 12. Bd2 Qd7 13. Qe2 Qb7 14. Rab1 Nd7
15. f4 e6 16. Qd3 Rac8 17. Rf2 f5 18. Be1 Rc7 19. g4 Rfc8 20. Rg2 Nf6 21. gxf5
exf5 22. Bh4 Ne4 23. Nxe4 dxe4 24. Qe2 Qb5 25. Qxb5 axb5 26. Rd2 Kf7 27. Kf2 Ke6
28. Ke2 Kd5 29. Kd1 b4 30. Ra1 a5 31. Rg2 a4 32. Be1 Bf8 33. h4 Be7 34. Rh2 h5
35. Rg2 Rc6 36. b3 Ra8 37. bxa4 Rxa4 38. Rb1 Rca6 39. Rbb2 Ra3 40. Rge2 Rd3+ 41.
Kc1 Raa3 42. Bf2 Bd6 43. Rec2 Rxe3 44. Bxe3 Rxe3 45. Rg2 Bxf4 46. Kd1 Bg3 47.
Rxb4 f4 48. a4 Ra3 49. Rb5+ Kxd4 50. Rd2+ Ke3 51. Rdb2 Rd3+ 52. Kc1 f3 53. Rb7
Bd6 54. Rc2 Kd4 0-1

[Event "39th TCh-GRE"]
[Site "Eretria GRE"]
[Date "2011.07.04"]
[Round "2.9"]
[White "Andronis, Vasilios"]
[Black "Vragoteris, Antonios"]
[Result "0-1"]
[BlackTitle "FM"]
[WhiteElo "2026"]
[BlackElo "2256"]
[WhiteTeam "S.A.S. Koropiou"]
[BlackTeam "Chess Academy Thes. Galaxias"]
[WhiteFideId "4205855"]
[BlackFideId "4200110"]
[EventDate "2011.07.03"]

1. c4 c5 2. Nc3 Nf6 3. Nf3 b6 4. g3 Bb7 5. Bg2 e6 6. O-O d6 7. d4 cxd4 8. Nxd4
Bxg2 9. Kxg2 a6 10. b3 Qc7 11. Bb2 Be7 12. Qd3 Nbd7 13. Rad1 Ne5 14. Qd2 h5 15.
f4 Qb7+ 16. Kg1 h4 17. fxe5 dxe5 18. Nf3 Ng4 19. e4 hxg3 20. hxg3 Bc5+ 21. Kg2
Ne3+ 22. Qxe3 Bxe3 23. Nxe5 f6 24. Ng6 Rh6 25. Nf4 Bxf4 26. Rxf4 b5 27. c5 b4
28. Na4 e5 29. Rg4 f5 30. c6 Qxc6 31. Rc1 fxg4 0-1

[Event "39th TCh-GRE"]
[Site "Eretria GRE"]
[Date "2011.07.04"]
[Round "2.9"]
[White "Grapsa, Georgia"]
[Black "Petraki, Maria"]
[Result "1/2-1/2"]
[BlackTitle "WFM"]
[WhiteElo "2057"]
[BlackElo "2024"]
[WhiteTeam "Chess Academy Thes. Galaxias"]
[BlackTeam "S.A.S. Koropiou"]
[WhiteFideId "4206436"]
[BlackFideId "4200985"]
[EventDate "2011.07.03"]

1. d4 Nf6 2. c4 e6 3. g3 Bb4+ 4. Bd2 Qe7 5. Bg2 Nc6 6. a3 Bxd2+ 7. Qxd2 a5 8.
Nf3 d6 9. b3 O-O 10. Nc3 e5 11. d5 Nb8 12. O-O Na6 13. b4 Bd7 14. Qb2 Ne8 15. e4
f5 16. exf5 Bxf5 17. Rfe1 Qd7 18. Ng5 Nf6 19. c5 b6 20. c6 Qe7 21. Nge4 Qf7 22.
Nxf6+ Qxf6 23. Ne4 Qh6 24. Qc3 Rf7 25. Ra2 Raf8 26. Qc4 Ra8 27. Qc3 Raf8 28. Bf1
Ra8 29. Bg2 Raf8 30. h4 Kh8 31. Ng5 Rf6 32. Qc4 Ra8 33. Bh3 Bxh3 34. Nxh3 Qg6
35. Ng5 h6 36. Ne6 Qf7 37. Kg2 Qh5 38. Re3 Qf7 39. Rb2 Rf5 40. Reb3 1/2-1/2